000
00248nam a2200097Ia 4500
001
683934
005
20250826161448.0
008
250824s9999 xx 000 0 und d
245
0
_a
YILDIZIN PARLADIĞI ANLAR
_c
STEFAN ZWEIG
260
_b
EVEREST YAYINLARI
999
_c
683934
_d
683934